000
00315nam a2200133Ia 4500
005
20260326100033.0
008
260326s9999||||xx |||||||||||||| ||und||
100
_a
Bacon, Edmund N
245
0
_a
Design of Cities /
_c
Edmund N Bacon
260
_b
Penguin
300
_a
336 p.
650
_a
DISEÑO URBANO
942
_c
BK
999
_c
6666
_d
6666